10 najmniejszych krajów świata - Statystyki

Ogólne statystyki
  • Ten quiz został rozwiązany 1 275 razy
  • Średni wynik to 6 z 10
Statystyki odpowiedzi
Kontynent Kraj % Poprawnych
Europa Watykan
98%
Europa San Marino
87%
Europa Monako
85%
Europa Malta
62%
Oceania Nauru
50%
Oceania Tuvalu
43%
Europa Lichtenstein
36%
Oceania Wyspy Marshalla
33%
Ameryka Saint Kitts i Nevis
29%
Azja Malediwy
28%
Nie znaleziono quizów pasujących do podanych kryteriów
Rozkład punktacji
Procent ludzi z każdym wynikiem
Percentyl według liczby udzielonych odpowiedzi
Twoja historia wyników
Nie rozwiązałeś tego quizu